| 000 | 00729nam a2200253 i 4500 | ||
|---|---|---|---|
| 001 | C2-0310902 | ||
| 003 | PPAK | ||
| 005 | 20180728102143.0 | ||
| 008 | 110703s2010 nyua|||| ||||| | eng d | ||
| 020 | _a9781600105838 | ||
| 040 |
_aPPAK _beng _cPPAK _erda |
||
| 082 | 0 | 4 |
_a741.5973 _223 |
| 090 | 0 | 0 |
_a741.5973 _bBRE _dLCK |
| 100 | 1 |
_aBreathed, Berke., _eauthor |
|
| 245 | 1 | 0 |
_aBloom County : _bThe complete library. |
| 264 | 1 |
_aNew York : _bBrown and Co. , _c2010. |
|
| 300 |
_a[297 pages] : _bcolour illustrations ; _c22 cm |
||
| 336 |
_2rdacontent _atext |
||
| 337 |
_2rdamedia _aunmediated |
||
| 338 |
_2rdacarrier _avolume |
||
| 490 | 1 | _aVolume Two : 1982-1984 | |
| 830 | 0 | _aVolume Two : 1982-1984 | |
| 942 |
_ddc _cB |
||
| 999 |
_c113207 _d113207 |
||